00501nam a22001697a 450000500170000001000130001702000110003003700130004108200060005410000200006024500810008026000350016127000600019630000330025670000190028970000230030820180718133033.0 aB-132875 c195.00 bDBAD/PUB aS aAggarwal, Umesh aKirancUmesh Aggarwal, Sabita Farhat and Venkatesh RajangabThe power of one c2003aNew DelhibPenguin books a11 community center, panchsheel parkbNew Delhie110017 c20cm(pbk)a172p.bB&W photos aFarhat, Sabiha aRajanga, Venkatesh